Television Trivia Quiz Stats

 Plays Quiz Updated Jul 25, 2016

Challenge
Share
Tweet
Score 0/24 Timer 08:00
0 Plays Today
% Correct
SpongeBob SquarePants
94.4%
The Simpsons
94.2%
Wile E. Coyote
94.2%
The Big Bang Theory
94.1%
Judge Judy
93.7%
South Park
93.5%
Smurfs
93%
Barney
92.7%
Rugrats
87.3%
Wendy's
87.3%
Breaking Bad
87.1%
Teletubbies
86.4%
% Correct
That '70s Show
86.1%
American Idol
85.6%
The Sopranos
85.3%
Game of Thrones
84.8%
Lost
76.4%
Mr. Rogers
76.4%
The Walking Dead
76.3%
Arthur
72.7%
Brooklyn Nine-Nine
68.4%
Animal
66.3%
Top Gear
63.7%
Chuck (the shoes are 'Chucks')
41.4%

You're not logged in!

Compare scores with friends on all Sporcle quizzes.
OR
Log In

You Might Also Like...

Show Comments

Extras

Top Quizzes Today


Score Distribution

Your Account Isn't Verified!

In order to create a playlist on Sporcle, you need to verify the email address you used during registration. Go to your Sporcle Settings to finish the process.

Report this User

Report this user for behavior that violates our Community Guidelines.

Details: